[Event "AUTO-OPEN-1534"]
[Site "http://www.queenalice.com/game.php?id=580648"]
[Date "2009.5.1"]
[Round "1"]
[White "Givanildo"]
[Black "x_C_L_E_V_E_R_T_O_N"]
[Result "1-0"]
[WhiteElo "1492"]
[BlackElo "2056"]

1. e4 c5 2. Bc4 d6 3. d3 e6 4. Bf4 Be7 5. Nd2 Nf6 6. h3 a6 7. e5 dxe5 8. Bxe5 b5
9. Bxf6 Bxf6 10. Qe2 bxc4 11. Nxc4 Bb7 12. f3 Nc6 13. c3 Qc7 14. g4 Rd8 15.
O-O-O Na5 16. Nxa5 Qxa5 17. a3 Rb8 18. h4 Qb6 19. g5 Bxc3 20. bxc3 Bxf3 21. Nxf3
Qb1+ 22. Kd2 Rb2+ 23. Ke3 Rxe2+ 24. Kxe2 Qb2+ 25. Rd2 Qxc3 26. Rb1 Rf8 27. Rb8+
Ke7 28. Rb7+ Kd6 29. Rb6+ Kd5 30. Rb7 Qxa3 31. Rd7+ Kc6 32. Ne5+ Kb6 33. Nc4+
Kc6 34. Nxa3 Kxd7 35. Rb2 Kc6 36. Nc4 Ra8 37. Rb6+ Kc7 38. h5 Ra7 39. Rb2 Kc6
40. Ne5+ Kd5 41. Nc4 a5 42. Ke3 Kc6 43. Ke4 f6 44. Rb6+ Kd7 45. gxf6 gxf6 46.
Rd6+ Ke7 47. Rb6 Kd7 48. h6 a4 49. Rb1 a3 50. Rd1 a2 51. Ra1 Ra4 52. Kf3 Kc6 53.
Ke3 Kd5 54. Nb6+ 1-0

[Event "AUTO-INT-1290"]
[Site "http://www.queenalice.com/game.php?id=580947"]
[Date "2009.5.1"]
[Round "1"]
[White "twin"]
[Black "x_C_L_E_V_E_R_T_O_N"]
[Result "0-1"]
[WhiteElo "1618"]
[BlackElo "2056"]

1. e4 e5 2. Nf3 d6 3. d4 exd4 4. Nxd4 Nf6 5. Nc3 Be7 6. Bc4 O-O 7. O-O Bd7 8.
Bg5 Nxe4 9. Nxe4 Bxg5 10. Qh5 Bf6 11. Nxf6+ Qxf6 12. Bd3 g6 13. Qd5 c6 14. Qc4
Qg5 15. Rfe1 d5 16. Qc5 Na6 17. Qd6 Rad8 18. Bxa6 Bf5 19. Qe5 f6 20. Qe7 Rd7 21.
Ne6 Rxe7 22. Nxg5 Rxe1+ 23. Rxe1 bxa6 24. Nf3 Bxc2 25. Nd4 Ba4 26. b3 Bb5 27. a4
Bd3 28. Nxc6 Rc8 29. Nxa7 Rb8 30. Nc6 Rxb3 31. Ne7+ Kf7 32. Nxd5 f5 33. Re7+ Kf8
34. Rxh7 Rb1# 0-1

[Event "AUTO-INT-1290"]
[Site "http://www.queenalice.com/game.php?id=580948"]
[Date "2009.5.1"]
[Round "1"]
[White "x_C_L_E_V_E_R_T_O_N"]
[Black "twin"]
[Result "1-0"]
[WhiteElo "1500"]
[BlackElo "1626"]

1. d4 d5 2. c4 e5 3. dxe5 d4 4. e3 Bb4+ 5. Bd2 dxe3 6. Bxb4 exf2+ 7. Ke2 Bg4+ 8.
Nf3 Nc6 9. Qxd8+ Rxd8 10. Bc3 f6 11. exf6 Nxf6 12. Bxf6 gxf6 13. Nd2 Nb4 14.
Kxf2 Bxf3 15. Nxf3 O-O 16. a3 Nd3+ 17. Bxd3 Rxd3 18. Rhd1 Rfd8 19. Ke2 Rxd1 20.
Rxd1 1-0

[Event "AUTO-INT-1290"]
[Site "http://www.queenalice.com/game.php?id=580963"]
[Date "2009.5.1"]
[Round "1"]
[White "robinud"]
[Black "x_C_L_E_V_E_R_T_O_N"]
[Result "1-0"]
[WhiteElo "1632"]
[BlackElo "1927"]

1. e4 c5 2. Nf3 Nc6 3. Bc4 e6 4. a3 Be7 5. c3 a6 6. d4 d5 7. exd5 exd5 8. Ba2 c4
9. O-O Nf6 10. Bg5 O-O 11. Re1 Ne4 12. Bxe7 Nxe7 13. Nbd2 Nxd2 14. Qxd2 Nf5 15.
b3 b5 16. bxc4 bxc4 17. Bb1 Nd6 18. Ng5 h6 19. Nf3 Re8 20. Qc2 Bf5 21. Qc1 Bxb1
22. Rxb1 Ne4 23. Nd2 Ng5 24. Nf1 Rb8 25. Ne3 Qd6 26. Nf5 Qg6 27. Qc2 Nf3+ 28.
Kf1 Nxh2+ 29. Kg1 Nf3+ 30. Kf1 Nxe1 31. Rxe1 1-0

[Event "AUTO-INT-1290"]
[Site "http://www.queenalice.com/game.php?id=580964"]
[Date "2009.5.1"]
[Round "1"]
[White "x_C_L_E_V_E_R_T_O_N"]
[Black "robinud"]
[Result "0-1"]
[WhiteElo "1899"]
[BlackElo "1660"]

1. d4 d5 2. c4 Nf6 3. Nf3 e6 4. e3 h6 5. Bd3 Bb4+ 6. Nc3 Bxc3+ 7. bxc3 O-O 8.
O-O Nc6 9. cxd5 exd5 10. Bb5 Bd7 11. a4 Ne4 12. Qc2 Bf5 13. Bd3 Na5 14. Ba3 Re8
15. Qb2 Qd7 16. Ne5 Qe6 17. f3 Ng3 18. hxg3 Bxd3 19. Nxd3 Qxe3+ 20. Nf2 Qg5 21.
g4 b6 22. Qc2 Nc4 23. Bc1 Qf6 24. Bd2 Ne3 25. Bxe3 Rxe3 26. Qd2 Rae8 27. Rae1
R3e6 28. Nd3 c5 0-1

[Event "AUTO-OPEN-1535"]
[Site "http://www.queenalice.com/game.php?id=581044"]
[Date "2009.5.1"]
[Round "1"]
[White "cardosorafael"]
[Black "x_C_L_E_V_E_R_T_O_N"]
[Result "1-0"]
[WhiteElo "1829"]
[BlackElo "1974"]

1. e4 c5 2. Nf3 Nc6 3. d4 b6 4. Bc4 e6 5. Nc3 Be7 6. O-O d6 7. Re1 Nf6 8. Bg5
O-O 9. e5 dxe5 10. dxe5 Nd7 11. Bxe7 Qxe7 12. Qe2 Bb7 13. Nb5 Ba6 14. Rad1 Rad8
15. Nd6 1-0

[Event "AUTO-OPEN-1535"]
[Site "http://www.queenalice.com/game.php?id=581045"]
[Date "2009.5.1"]
[Round "1"]
[White "x_C_L_E_V_E_R_T_O_N"]
[Black "cardosorafael"]
[Result "0-1"]
[WhiteElo "1998"]
[BlackElo "1805"]

1. d4 Nf6 2. c4 e6 3. Nf3 Bb4+ 4. Nbd2 O-O 5. e3 d5 6. Bd3 Re8 7. O-O Nbd7 8.
Qb3 Bxd2 9. Bxd2 c6 10. Qc2 Qc7 11. Rac1 e5 12. dxe5 Nxe5 13. Nxe5 Qxe5 14. Bc3
Qg5 15. Bxf6 gxf6 16. cxd5 Bh3 0-1

[Event "AUTO-OPEN-1535"]
[Site "http://www.queenalice.com/game.php?id=581080"]
[Date "2009.5.1"]
[Round "1"]
[White "x_C_L_E_V_E_R_T_O_N"]
[Black "wishyouwerehere"]
[Result "1-0"]
[WhiteElo "2056"]
[BlackElo "1100"]

1. d4 d5 2. c4 e6 3. e3 Nf6 4. Nf3 Bb4+ 5. Nbd2 Nbd7 6. Bd3 c5 7. cxd5 Nxd5 8.
dxc5 Nxc5 9. Bc4 Nb6 10. Bb5+ Bd7 11. Bxd7+ Qxd7 12. O-O O-O-O 13. Qc2 Kb8 14.
Rd1 Nd3 15. a3 Rc8 16. Qb3 Be7 17. Qa2 Rc2 18. Nd4 Qc7 19. Nxc2 Qxc2 20. Rf1 Bd6
21. b4 Rc8 22. Qxc2 Rxc2 23. Ne4 Be5 24. Rb1 f5 25. Ng5 Nd5 26. Nf3 Bf6 27. Ne1
Nxe1 28. Rxe1 Bc3 29. Rf1 Nb6 30. f3 Nc4 31. Rf2 Nd2 32. Bxd2 Bxd2 33. Rd1 Rc1
34. Rxd2 1-0

[Event "AUTO-OPEN-1535"]
[Site "http://www.queenalice.com/game.php?id=581081"]
[Date "2009.5.1"]
[Round "1"]
[White "wishyouwerehere"]
[Black "x_C_L_E_V_E_R_T_O_N"]
[Result "1-0"]
[WhiteElo "1389"]
[BlackElo "2056"]

1. e4 c5 2. Nf3 e6 3. d4 b6 4. Nc3 Bb7 5. Qd3 cxd4 6. Nxd4 Nc6 7. Nf3 Be7 8. Bf4
d6 9. O-O-O e5 10. Be3 Nf6 11. Be2 O-O 12. Qd2 Nb4 13. Kb1 a5 14. Nb5 Bxe4 15.
Na3 Rc8 16. Ne1 Qc7 17. Rc1 Rfd8 18. Bd3 Nxd3 19. Nxd3 Bxd3 20. Qxd3 d5 21. f3
d4 22. Bd2 Qc6 23. Rhe1 Bd6 24. g3 Nd5 25. Nb5 Bb8 26. Re2 f6 27. c3 dxc3 28.
Nxc3 Nxc3+ 29. Qxc3 Qxc3 30. Bxc3 Kf7 31. Kc2 b5 32. Kb1 b4 33. Bd2 Ba7 34. b3
Bd4 35. Ree1 g6 36. Rc2 Rxc2 37. Kxc2 Rc8+ 38. Kd1 1-0